Breaking dawn / (Record no. 112496)
[ view plain ]
| 000 -LEADER | |
|---|---|
| fixed length control field | 00713nam a2200193 a 4500 |
| 005 - DATE AND TIME OF LATEST TRANSACTION | |
| control field | 20140414131938.0 |
| 008 - FIXED-LENGTH DATA ELEMENTS--GENERAL INFORMATION | |
| fixed length control field | 110124s19uu xx 00 eng d |
| 020 ## - INTERNATIONAL STANDARD BOOK NUMBER | |
| International Standard Book Number | |
| 050 ## - LIBRARY OF CONGRESS CALL NUMBER | |
| Classification number | TR |
| Item number | M46 2008 |
| 100 ## - MAIN ENTRY--PERSONAL NAME | |
| Personal name | Meyer, Stephenie, 1973- |
| 245 ## - TITLE STATEMENT | |
| Title | Breaking dawn / |
| Statement of responsibility, etc | Stephenie Meyer. |
| 260 ## - PUBLICATION, DISTRIBUTION, ETC. (IMPRINT) | |
| Place of publication, distribution, etc | New York : |
| Name of publisher, distributor, etc | Little, Brown and Co., |
| Date of publication, distribution, etc | 2008. |
| 500 ## - GENERAL NOTE | |
| General note | *Strictly for G7 students and above level use only |
| 520 ## - SUMMARY, ETC. | |
| Summary, etc | Although eighteen-year-old Bella joins the dark but seductive world of the immortals by marrying Edward the vampire, her connection to the powerful werewolf Jacob remains unsevered. |
| 650 ## - SUBJECT ADDED ENTRY--TOPICAL TERM | |
| Topical term or geographic name as entry element | Vampires |
| 650 ## - SUBJECT ADDED ENTRY--TOPICAL TERM | |
| Topical term or geographic name as entry element | Werewolves |
| 650 ## - SUBJECT ADDED ENTRY--TOPICAL TERM | |
| Topical term or geographic name as entry element | Interpersonal relations |
| Withdrawn status | Lost status | Damaged status | Home library | Current library | Shelving location | Date acquired | Total Checkouts | Full call number | Barcode | Date last seen | Price effective from | Koha item type |
|---|---|---|---|---|---|---|---|---|---|---|---|---|
| Munich Library | Munich Library | Teachers Reference Section | 01/24/2011 | TR M46 2008 | M3806 | 04/14/2014 | 04/14/2014 | Books |